Alphabet le plus rapidement possible - Statistiques

Statistiques générales
  • Ce quiz a été pris 1 039 fois
  • Le résultat moyen est 23 sur 26
Statistiques - réponses
Hint Réponse % Correct
a a
99%
e e
98%
b b
97%
d d
96%
c c
95%
f f
95%
g g
93%
h h
93%
i i
93%
j j
91%
k k
90%
l l
90%
m m
90%
o o
90%
p p
89%
n n
88%
r r
88%
q q
87%
s s
86%
t t
86%
u u
86%
z z
84%
v v
83%
w w
81%
y y
81%
x x
80%
Aucun quiz correspondant
Distribution des résultats
% des personnes avec chaque résultat
Percentile par nombre de réponses
Votre historique - résultats
Vous n’avez pas pris ce quiz